|
|
|
|
| LEADER |
00000nam a22000007a 4500 |
| 005 |
20141009021241.0 |
| 007 |
cr|||| |||| |
| 008 |
141009s2014 es |||||s|||| 00||0 spa d |
| 020 |
|
|
|a 978-84-9031-759-4
|
| 035 |
|
|
|a 12424
|
| 040 |
|
|
|a vLex
|
| 090 |
|
|
|c 5201
|d 5201
|
| 100 |
1 |
|
|a Espejo Ruiz, Manuel
|
| 245 |
1 |
3 |
|a La participacin̤ realizada por contador partidor testamentario
|h [Recurso electrn̤ico] /
|c Manuel Espejo Ruiz
|
| 256 |
|
|
|a Servicio en ln̕ea
|
| 260 |
|
|
|a Madrid:
|b Dykinson,
|c 2014
|
| 300 |
|
|
|a 1 recurso electrn̤ico
|
| 506 |
1 |
|
|a Disponible solo en los productos indicados
|d vLex Global
|d vLex Global (Academic Edition, excluding Law Schools)
|d vLex Global (U.S. Academic Edition, Law Schools)
|d vLex Global (U.S. Academic Edition, excluding Law Schools)
|d vLex Global (Academic Edition, Law Schools)
|
| 650 |
0 |
4 |
|a Sucesiones
|z Espaą
|
| 740 |
0 |
|
|a vLex Libros (Servicio en ln̕ea)
|
| 856 |
4 |
0 |
|u http://vlex.com/source/participacion-contador-partidor-testamentario-12424
|z Acceso restringido
|
| 942 |
|
|
|c BOOK
|
| 999 |
0 |
|
|a Inheritance
|